000 00537nam a2200169Ia 4500
008 090201s9999 xx 000 0 und d
010 _aKPL-2106
040 _bमराठी
041 _aमराठी
082 _a53113
_b2106
100 _aहरी नारायण आपटे
245 _aसुगरिणीचा संसार
_cहरी नारायण आपटे
260 _c1948
_bअ.ब.क.
300 _a99
_bमोठा
600 _aसुगरिणीचा संसार
942 _cBOOK
999 _c249537
_d249537